000 00507cam a22002174a 4500
005 20250605164246.0
008 250528s ||||||||||||||||||||||||d
035 _a21498
020 _a9780077094126
040 _aGR-AtMCL
_bgre
_dGR-AtMCL
_eAACR2
245 1 _aECONOMICS
250 _a5
260 _bMcgraw Hill,
_c1997
300 _a634
700 1 _aBegg David
_91654
700 1 _aDornbusch Rudiger
_91655
700 1 _aFischer Stanley
_91656
942 _cBK
999 _c6560
_d6560